[Event "JUG-chT"]
[Site "Zlatibor"]
[Date "1989.??.??"]
[Round "?"]
[White "Nikolic, Nebojsa"]
[Black "Dizdar, Goran"]
[Result "1/2-1/2"]
[WhiteElo "2390"]
[BlackElo "2495"]

1.d4 Nf6 2.c4 e6 3.g3 Bb4+ 4.Bd2 c5 5.Bg2 Qb6 6.d5 exd5 7.cxd5 O-O 8.Nh3 d6
9.Nf4 Bxd2+ 10.Qxd2 Nbd7 11.O-O Ne5 12.Qc3 Bd7 13.Nd2 Rfe8 14.Nd3 Bb5 15.Rfc1 Bxd3
16.exd3 Re7 17.Nb3 g6 18.d4 cxd4 19.Qxd4 Qxd4 20.Nxd4 Nd3 21.Rc2 Ne1 22.Rd2 Nxg2
23.Kxg2 a6 24.Rc1 Rd8 25.Nb3 Rdd7 26.Rc8+ Kg7 27.Na5 Rc7  1/2-1/2

[Event "Klee mem"]
[Site "Zuerich"]
[Date "1989.??.??"]
[Round "3"]
[White "Ruf, Matthias"]
[Black "Klauser, Markus"]
[Result "1-0"]
[WhiteElo "2330"]
[BlackElo "2315"]

1.d4 Nf6 2.c4 e6 3.g3 Bb4+ 4.Bd2 Bxd2+ 5.Qxd2 O-O 6.Bg2 d6 7.e4 e5 8.d5 a5
9.Ne2 c6 10.Nbc3 cxd5 11.Nxd5 Nxd5 12.cxd5 Bd7 13.O-O Qb6 14.Kh1 Na6 15.f4 Rac8
16.Rac1 Qb4 17.Rc3 Nc5 18.a3 Nxe4 19.Qc2  1-0

[Event "Zug"]
[Site "Zug"]
[Date "1989.??.??"]
[Round "?"]
[White "Fauland, Alexander"]
[Black "Summermatter, Daniel"]
[Result "1-0"]
[WhiteElo "2455"]
[BlackElo "2385"]

1.d4 Nf6 2.c4 e6 3.g3 Bb4+ 4.Nd2 c5 5.a3 Bxd2+ 6.Qxd2 cxd4 7.Nf3 Nc6 8.Nxd4 Qb6
9.Nb5 O-O 10.Qe3 d5 11.Qxb6 axb6 12.cxd5 exd5 13.Be3 Bf5 14.Bg2 Na5 15.O-O Nb3
16.Rad1 Bc2 17.Rde1 Ne4 18.Bxb6 Ned2 19.Nc7 Ra4 20.Nxd5 Nxf1 21.Kxf1 Be4
22.Nb4 Nd2+ 23.Kg1 Bxg2 24.Kxg2 Raa8 25.Nd5 Nc4 26.Bd4 Rfd8 27.e4 f6 28.Rc1 Nd2
29.Bb6 Rd6 30.f3 f5 31.Rc2 Nb3 32.Bc7 Re6 33.exf5 Ree8 34.Bb6 Ra4 35.Nb4 Raa8
36.Nd5 Ra4 37.f6 Nd4 38.Rc7  1-0

[Event "Adelaide op"]
[Site "Adelaide"]
[Date "1990.??.??"]
[Round "7"]
[White "Ginting, Nasib"]
[Black "Djuric, Stefan"]
[Result "1/2-1/2"]
[WhiteElo "2385"]
[BlackElo "2515"]

1.d4 Nf6 2.c4 e6 3.g3 Bb4+ 4.Bd2 Qe7 5.Bg2 Nc6 6.Nf3 Bxd2+ 7.Nbxd2 O-O 8.O-O d6
9.e4 e5 10.d5 Nb8 11.Ne1 a5 12.Nd3 Na6 13.a3 Bg4 14.f3 Bd7 15.b4 c6 16.Qb3 cxd5
17.cxd5 a4 18.Qb1 Rac8 19.Rc1 Bb5 20.Nb2 h5 21.Ndc4 h4 22.g4 Nd7 23.Rc2 Rc7
24.Qd1 Rfc8 25.Rac1 Qg5 26.Qe1 Nb6  1/2-1/2

[Event "Biel-C"]
[Site "Biel"]
[Date "1990.??.??"]
[Round "4"]
[White "Streitberg, Petr"]
[Black "Bex, Pierre Alain"]
[Result "1-0"]
[WhiteElo "2285"]
[BlackElo "2230"]

1.d4 Nf6 2.c4 e6 3.g3 Bb4+ 4.Bd2 Qe7 5.Bg2 Nc6 6.Nf3 O-O 7.O-O Bxd2 8.Nbxd2 d6
9.e4 e5 10.d5 Nb8 11.Ne1 a5 12.b3 Na6 13.a3 Rb8 14.Qc2 c6 15.Qc3 Qc7 16.dxc6 bxc6
17.Nd3 c5 18.f4 Nd7 19.Bh3 Re8 20.Rf2 f6 21.Raf1 Re7 22.Bf5 Bb7 23.g4 Nf8
24.g5 fxg5 25.fxg5 Rbe8 26.Ne1 Nb8 27.Ng2 Nc6 28.Ne3 Nd4 29.Nd5 Bxd5 30.cxd5 Rb8
31.h4 Rb5 32.h5 Rb8 33.Bg4 Rbe8 34.h6 Nd7 35.Qh3 Rf8 36.Be6+ Nxe6 37.dxe6 Rxf2
38.Rxf2 Nf8 39.Rf6 Qc8 40.Nc4 Qb8 41.Qd3 a4 42.bxa4 Qa8 43.Qxd6 Qe8 44.Nxe5 Qxa4
45.Qxe7  1-0

[Event "Noviki-A"]
[Site "Budapest"]
[Date "1990.??.??"]
[Round "1"]
[White "Horvath, Jozsef"]
[Black "Schmittdiel, Eckhard"]
[Result "1/2-1/2"]
[WhiteElo "2525"]
[BlackElo "2455"]

1.d4 Nf6 2.c4 e6 3.g3 Bb4+ 4.Bd2 c5 5.Bxb4 cxb4 6.Bg2 O-O 7.Nf3 d6 8.O-O Qc7
9.Qd3 b6 10.Nbd2 Bb7 11.e4 e5 12.Rfe1 Nc6 13.Rad1 Rfe8 14.Nf1 Nd8 15.d5 a5
16.Nh4 Bc8 17.h3 Nb7 18.Nd2 Nc5 19.Qe3 Qe7 20.Kh2  1/2-1/2

[Event "Budapest IM-A"]
[Site "Budapest"]
[Date "1990.??.??"]
[Round "2"]
[White "Stajcic, Nikola"]
[Black "Orso, Miklos"]
[Result "1-0"]
[WhiteElo "2290"]
[BlackElo "2390"]

1.d4 Nf6 2.c4 e6 3.g3 Bb4+ 4.Bd2 c5 5.Nf3 Qb6 6.Bxb4 Qxb4+ 7.Nbd2 Nc6 8.dxc5 Qxb2
9.Nb3 Qc3+ 10.Nfd2 a5 11.a4 Ne4 12.Bg2 Nxd2 13.Nxd2 Qb4 14.O-O Qxc5 15.Ne4 Qe5
16.Rb1 O-O 17.Rb5 d5 18.cxd5 exd5 19.Rxd5 Qe7 20.Qb1 Be6 21.Ng5 g6 22.Nxe6 fxe6
23.Rb5 Rf7 24.e3 Rc8 25.h4 Rc7 26.Qb3 Rf5 27.Rxf5 gxf5 28.Qb6 Qd6 29.Rc1 e5
30.Rc5 f4 31.exf4 exf4 32.Rg5+ Kf8 33.Rd5 Qe7 34.Rf5+ Kg7 35.Rxf4 Ne5 36.Qxa5 Rc1+
37.Kh2 h5 38.Qd2 Qc5 39.Qb2 Kh6 40.Rf6+ Kg7 41.Rf5  1-0

[Event "Spring op"]
[Site "Budapest"]
[Date "1990.??.??"]
[Round "4"]
[White "Horvath, Jozsef"]
[Black "David, Adrian"]
[Result "1-0"]
[WhiteElo "2525"]
[BlackElo "2300"]

1.d4 Nf6 2.c4 e6 3.g3 Bb4+ 4.Bd2 Be7 5.Bg2 d5 6.Nf3 O-O 7.O-O b6 8.Nc3 Bb7
9.Ne5 Na6 10.cxd5 exd5 11.Rc1 c5 12.Be3 Ne4 13.dxc5 Naxc5 14.Nxe4 Nxe4 15.Nc6 Bxc6
16.Rxc6 Bf6 17.Bd4 Qd7 18.Rc2 Rfd8 19.Bxf6 Nxf6 20.Qd4 Rac8 21.Rfc1 Rxc2
22.Rxc2 h6 23.h3 Qf5 24.Rc7 Re8 25.Bf1 Ne4 26.Kg2 Nd6 27.Qf4 Qe6 28.Rxa7 g5
29.Qb4 Ne4 30.Rb7 h5 31.Rxb6  1-0

[Event "Noviki-B"]
[Site "Budapest"]
[Date "1990.??.??"]
[Round "9"]
[White "Lukacs, Peter"]
[Black "Arbakov, Valentin"]
[Result "1/2-1/2"]
[WhiteElo "2505"]
[BlackElo "2415"]

1.d4 Nf6 2.c4 e6 3.g3 Bb4+ 4.Bd2 Bxd2+ 5.Qxd2 O-O 6.Bg2 d6 7.Nf3 Qe7 8.O-O e5
9.Nc3 c6 10.e4 Bg4 11.d5  1/2-1/2

[Event "Budapest IM-A"]
[Site "Budapest"]
[Date "1990.??.??"]
[Round "9"]
[White "Stajcic, Nikola"]
[Black "Pogorelov, Ruslan"]
[Result "1/2-1/2"]
[WhiteElo "2290"]
[BlackElo "2415"]

1.d4 Nf6 2.c4 e6 3.g3 Bb4+ 4.Bd2 Be7 5.Bg2 d5 6.Nf3 c6 7.Qc2 b6 8.O-O O-O
9.Bf4 Bb7 10.Nbd2 Nbd7 11.e4 dxe4 12.Nxe4 Nxe4 13.Qxe4 Nf6 14.Qc2 c5 15.Rad1 Qc8
16.Rfe1 cxd4 17.Rxd4 Bc5 18.Rdd1 Bc6 19.Bd6 Bxd6 20.Rxd6 Qb7 21.Nh4 Bxg2
22.Nxg2 Qc7 23.Rd3 Rac8 24.b3 b5 25.Ne3 bxc4 26.Nxc4 Nd5 27.Qd2 h6 28.Re4 Qc5
29.Ne3 Nxe3 30.Qxe3 Qxe3 31.fxe3 Rc1+ 32.Kf2 Rc2+ 33.Kf3 Rxa2 34.Ra4 Rxa4
35.bxa4 Rc8 36.Rd7 a5 37.Ra7 Rc5 38.h4 g6 39.Ke2 Kg7 40.Kd3 Kf6 41.Kd4 Rd5+
42.Kc4 Rd1 43.Rxa5 Rg1 44.Rb5 Rxg3 45.Rb3 g5 46.hxg5+ Rxg5 47.Ra3 Ra5 48.Kb4 Ra8
49.a5 h5 50.Kb5 h4 51.Kb6 h3 52.a6 Kg5 53.a7 h2 54.Ra1 Kg4 55.Kb7 Rh8 56.a8=Q Rxa8
57.Kxa8 f5 58.Kb7 e5 59.Kc6 f4 60.exf4 exf4 61.Kd5 f3 62.Ke4 Kg3 63.Ke3 Kg2  1/2-1/2

[Event "Geneve op"]
[Site "Geneve"]
[Date "1990.??.??"]
[Round "?"]
[White "Razuvaev, Yuri S"]
[Black "Rozentalis, Eduardas"]
[Result "0-1"]
[WhiteElo "2545"]
[BlackElo "2520"]

1.d4 Nf6 2.c4 e6 3.g3 Bb4+ 4.Bd2 Qe7 5.Nf3 Nc6 6.Nc3 d5 7.a3 Bxc3 8.Bxc3 a5
9.Bg2 O-O 10.O-O Rd8 11.Rc1 Ne4 12.Qc2 a4 13.Rfd1 Bd7 14.Be1 Nd6 15.c5 Ne4
16.Ne5 Be8 17.f3 Nf6 18.g4 Nxe5 19.dxe5 Nd7 20.f4 Nf8 21.Qc3 Bb5 22.e4 Bc6
23.exd5 Bxd5 24.Bxd5 Rxd5 25.Rxd5 exd5 26.c6 b6 27.f5 h5 28.Qd4 Qg5 29.Bd2 Qxg4+
30.Qxg4 hxg4 31.Bf4 g6 32.e6 fxe6 33.Bxc7 gxf5 34.Bxb6 Rc8 35.c7 Nd7 36.Ba5 Ne5
37.Rc5 Kf7 38.Rb5 Ke8 39.Rb7 Kd7 40.Bc3 d4  0-1

[Event "NRW-Liga I 8990"]
[Site "Germany"]
[Date "1990.??.??"]
[Round "?"]
[White "Gawehns, Klaus"]
[Black "Wilde, Pierre"]
[Result "0-1"]
[WhiteElo "2325"]
[BlackElo "2255"]

1.d4 Nf6 2.c4 e6 3.g3 Bb4+ 4.Bd2 Qe7 5.Bg2 Nc6 6.Nf3 Bxd2+ 7.Nbxd2 d6 8.O-O a5
9.e4 e5 10.d5 Nb8 11.b3 Na6 12.a3 Bd7 13.b4 O-O 14.Qb3 axb4 15.axb4 c5 16.b5 Nb4
17.Ra4 Nh5 18.Rfa1 Rab8 19.Ne1 f5 20.exf5 Bxf5 21.Ne4 Nf6 22.Nc3 Ng4 23.Na2 Nxf2
24.Nxb4 Nh3+ 25.Kh1 cxb4 26.Rxb4 Qf6 27.c5 dxc5 28.Rba4 Be4 29.Rxe4 Nf2+
30.Kg1 Nxe4 31.Nd3 Nd2 32.Qc3 Nf3+ 33.Kh1 b6 34.Rf1 e4 35.Qxf6 Rxf6 36.Nf4 Rd8
37.Bh3 Nd4 38.Re1 Nxb5 39.Rxe4 Nd6 40.Re7 Rb8 41.Be6+ Kh8 42.Rd7 Ne8 43.Nh5 Rf8
44.d6 b5 45.Nf4 Rb6 46.Rd8 Rxd6  0-1

[Event "BL2-N8990"]
[Site "Germany"]
[Date "1990.??.??"]
[Round "?"]
[White "Steckner, Johannes"]
[Black "Ahmels, Volker"]
[Result "1/2-1/2"]
[WhiteElo "2300"]
[BlackElo "2275"]

1.d4 Nf6 2.c4 e6 3.g3 Bb4+ 4.Bd2 Qe7 5.Bg2 O-O 6.Nf3 Bxd2+ 7.Qxd2 Ne4 8.Qc2 d5
9.O-O Nc6 10.Nc3 Nxc3 11.Qxc3 a5 12.Rfc1 Rd8 13.e3 a4 14.Ne1 a3 15.b3 e5
16.cxd5 exd4 17.Qc5 Ra5 18.Qxe7 Nxe7 19.e4 c6 20.Rc4 cxd5 21.exd5 d3 22.Nxd3 Bf5
23.Nf4 g5 24.Nh5 Bg6 25.Nf6+ Kg7 26.Ng4 Bh5 27.Ne3 Kf6 28.Re1 Nc8 29.Rc7 Nd6
30.Nc4 Rb5 31.Nxa3 Ra5 32.Nc4 Rxa2 33.Nxd6 Rxd6 34.Rxb7 Rb2 35.h3 Kg7 36.Be4 Rf6
37.f4 gxf4 38.g4 f3 39.Rf1 f2+ 40.Kg2 Bg6 41.Bxg6 hxg6 42.Rb4 Rd2 43.h4 Kf8
44.Re4 Rb6 45.b4 Rxd5 46.Rxf2 Rdb5 47.Rb2 f5 48.Rf4 Kg7 49.gxf5 gxf5 50.Rd4 Kf6
51.Kf2 Ke5 52.Ke3 Rg6 53.Kd3 Rgb6 54.Re2+ Kf6 55.Kc3 Ra6 56.Kc4 Rab6 57.Kb3 Rc6
58.Rc4 Rcb6 59.Kc3 Kg6 60.Re8 Kf7 61.Re1 Kf6 62.Re8 Re5 63.Rd8 Ra6 64.Rc5 Re3+
65.Kc4 Re4+ 66.Rd4 Rae6 67.Rd5 f4 68.Rd6 Rxd6 69.Rxe4 Kf5 70.Re1 f3 71.b5 Kg4
72.Kc5 Rf6 73.b6 Kxh4 74.b7 Rf8 75.Rf1 Kg3 76.Kb6 f2 77.Rc1 Rb8 78.Ka7 Rxb7+
79.Kxb7  1/2-1/2

[Event "Lyon op"]
[Site "Lyon"]
[Date "1990.??.??"]
[Round "?"]
[White "Manor, Ilan"]
[Black "Petursson, Margeir"]
[Result "0-1"]
[WhiteElo "2450"]
[BlackElo "2555"]

1.d4 Nf6 2.c4 e6 3.g3 Bb4+ 4.Bd2 c5 5.Bg2 O-O 6.Nf3 Nc6 7.O-O d6 8.dxc5 Bxc5
9.Nc3 a6 10.Rc1 h6 11.Ne1 Ba7 12.b3 d5 13.cxd5 exd5 14.Nd3 Re8 15.Re1 Bg4
16.h3 Bf5 17.Na4 Ne4 18.Nac5 Qe7 19.b4 Rad8 20.a3 Bc8 21.e3 Qf6 22.Rf1 b6
23.Nb3 Bb7 24.Qf3 Qd6 25.Kh1 Ng5 26.Qh5 b5 27.Nbc5 Bc8 28.Nf4 Qf6 29.Bc3 d4
30.Ba1 Bf5 31.Nb3 Be4 32.h4 Nh7 33.Nd5 Rxd5 34.Qxd5 Bxd5 35.Bxd5 Re5 36.Nxd4 Nxd4
37.Bxd4 Bxd4  0-1

[Event "Maribor"]
[Site "Maribor"]
[Date "1990.??.??"]
[Round "1"]
[White "Lukov, Valentin"]
[Black "Gostisa, Leon"]
[Result "1/2-1/2"]
[WhiteElo "2440"]
[BlackElo "2420"]

1.d4 Nf6 2.c4 e6 3.g3 Bb4+ 4.Bd2 c5 5.Bxb4 cxb4 6.Bg2 O-O 7.Nf3 d6 8.O-O Nc6
9.Nbd2 Re8 10.e4 e5 11.d5 Nb8 12.Ne1 Na6 13.Nd3 Qb6 14.Qb3 Bg4 15.Rfe1 Nd7
16.a3 Ndc5 17.Nxc5 Qxc5 18.Qe3 Rec8 19.Bf1 bxa3 20.Qxc5 Rxc5 21.Rxa3 Nb4
22.Rea1 Na6 23.Nb3 Rc7 24.Nc1 h5 25.Na2 Kf8 26.b4 Rcc8 27.h4 Ke7 28.Kg2 Bd7
29.Bd3 g6 30.f4 f6 31.Kf2 Rc7 32.Ke3 Rcc8 33.Ra5 Nc7 34.Nc3 a6 35.c5 Rab8
36.R5a3 Ne8 37.c6 bxc6 38.Rxa6 c5 39.bxc5 Rxc5 40.Na4 Bxa4 41.R1xa4 Rb3 42.Ra3 Rxa3
43.Rxa3 exf4+ 44.gxf4 f5 45.exf5 gxf5 46.Bxf5 Nc7 47.Be4 Nxd5+ 48.Bxd5 Rxd5
49.Ke4 Rb5 50.Rg3  1/2-1/2

[Event "URS-ch U26"]
[Site "Minsk"]
[Date "1990.??.??"]
[Round "?"]
[White "Orlov, Georgi"]
[Black "Karpman, Vadim"]
[Result "0-1"]
[WhiteElo "2505"]
[BlackElo "2500"]

1.d4 Nf6 2.c4 e6 3.g3 Bb4+ 4.Nc3 c5 5.Nf3 cxd4 6.Nxd4 O-O 7.Bg2 d5 8.Qb3 Bxc3+
9.Qxc3 e5 10.Nb3 d4 11.Qa5 Qe8 12.f4 Nc6 13.Qc5 exf4 14.Bxf4 Bg4 15.O-O Rd8
16.Rae1 Ne4 17.Qb5 Nd6 18.Qg5 f5 19.Bxd6 Rxd6 20.h3 Rg6 21.Qf4 Bh5 22.g4 Bxg4
23.hxg4 Rxg4 24.Qd6 Qe3+ 25.Rf2 Rf6 26.Qd5+ Kh8 27.Kf1 Ne7 28.Qd8+ Ng8 29.Rd1 Rxg2
30.Kxg2 Rg6+ 31.Kf1 Qh3+ 32.Ke1 Rg1+ 33.Kd2 Qe3+ 34.Kc2 Rxd1 35.Kxd1 Qxf2
36.Nxd4 Qf1+ 37.Kc2 Qf4 38.Qd5 Qe4+ 39.Qxe4 fxe4 40.Nb5 Nf6 41.Nxa7 g5 42.Kd2 g4
43.Ke1 g3 44.Nb5 Ng4 45.Kf1 Ne3+ 46.Kg1 h5 47.Nd6 h4 48.c5 Kg7 49.Nxb7 Kf6
50.Nd6 Ke5 51.b3 h3 52.Nc4+ Nxc4 53.bxc4 Kf4 54.c6 Ke3 55.c7 h2+  0-1

[Event "New York op"]
[Site "New York"]
[Date "1990.??.??"]
[Round "5"]
[White "Janjgava, Lasha"]
[Black "Henley, Ron W"]
[Result "1/2-1/2"]
[WhiteElo "2455"]
[BlackElo "2490"]

1.d4 Nf6 2.c4 e6 3.g3 Bb4+ 4.Bd2 Qe7 5.Bg2 d5 6.Nf3 Bxd2+ 7.Qxd2 O-O 8.O-O c6
9.Rc1 Nbd7 10.Qe3 Re8 11.Nbd2 e5 12.dxe5 Nxe5 13.Nxe5 Qxe5 14.Qxe5 Rxe5 15.cxd5 Nxd5
16.e4 Nb6 17.a4 Ra5 18.b3 Be6 19.Rc3 Rd8 20.Nf1 c5  1/2-1/2

[Event "New York op"]
[Site "New York"]
[Date "1990.??.??"]
[Round "6"]
[White "Tukmakov, Vladimir B"]
[Black "Ivanov, Alexander"]
[Result "1/2-1/2"]
[WhiteElo "2570"]
[BlackElo "2520"]

1.d4 Nf6 2.c4 e6 3.g3 Bb4+ 4.Bd2 Be7 5.Bg2 d5 6.Nf3 O-O 7.O-O c6 8.Qb3 b6
9.Bg5 Ba6 10.Nbd2 Nbd7 11.Rfe1 c5 12.cxd5 exd5 13.Rad1 Bb7 14.Nf1 c4 15.Qc2 Ne4
16.Bxe7 Qxe7 17.N3d2 f5 18.Ne3 Rae8 19.Nxe4 fxe4 20.b3 b5 21.bxc4 bxc4 22.Qa4 Nf6
23.Qa5 Bc6 24.Rb1 Rb8 25.Bh3 g6 26.Rec1 Kg7 27.Kg2 Bd7 28.Bxd7 Qxd7 29.h3 Rb7
30.Rb4 Rfb8 31.Ra4 h5 32.Ra3 Rf8 33.Qd2 Rb5 34.Ra6 Rfb8 35.Rc3 Rb2 36.Qd1 R2b6
37.Rca3 Rxa6 38.Rxa6 Rb6 39.Ra5 a6 40.Qc1 Qd6 41.Nd1 Rb5 42.Ra4 Rb7 43.Nc3 Qb6
44.Qe3 a5 45.Qd2 Re7 46.Nd1 Ra7 47.Nc3 Re7 48.Qe3 Ra7 49.Qc1 Rf7 50.e3 g5
51.Qa3 Qe6 52.Rxa5 h4 53.Ra7 g4 54.Rxf7+ Kxf7 55.Qa7+ Kg6 56.Ne2 gxh3+ 57.Kh2 hxg3+
58.fxg3 Ng4+ 59.Kxh3 Nxe3+ 60.Kh2 Ng4+ 61.Kg2 Kh6 62.Nf4 Qf6 63.Qd7 Ne3+
64.Kf2 Nf5 65.Qxd5 e3+ 66.Ke2 Nxg3+ 67.Kxe3 Nf5+ 68.Ke4 Nd6+ 69.Kf3 Nf5 70.Qxc4 Nxd4+
71.Ke4 Qf5+ 72.Kxd4 Qxf4+ 73.Kc5 Qc7+ 74.Kb5 Qb8+ 75.Ka5 Qd8+ 76.Kb4 Qb6+
77.Ka4 Qa7+ 78.Kb5 Qb8+ 79.Ka5 Qd8+ 80.Kb4 Qb6+ 81.Kc3 Qe3+ 82.Qd3 Qc5+ 83.Kb3 Qb6+
84.Kc2 Qc5+ 85.Qc3 Qf5+ 86.Kc1 Qf1+ 87.Kc2 Qf5+  1/2-1/2

[Event "Novi Sad ol (Men)"]
[Site "Novi Sad"]
[Date "1990.??.??"]
[Round "9"]
[White "Sosonko, Gennadi"]
[Black "Silva Sanchez, Carlos"]
[Result "1-0"]
[WhiteElo "2520"]
[BlackElo "2370"]

1.d4 Nf6 2.c4 e6 3.g3 Bb4+ 4.Bd2 c5 5.Bg2 O-O 6.Nf3 d6 7.O-O Nc6 8.Be3 cxd4
9.Nxd4 Ng4 10.Bxc6 Nxe3 11.fxe3 bxc6 12.Nxc6 Qb6 13.Nxb4 Qxb4 14.b3 Bb7 15.Qd2 Qc5
16.Nc3 f5 17.Rad1 Rad8 18.Qd4 Qc6 19.e4 a6 20.Rd2 Rf6 21.e3 Rf7 22.Rdf2 Rdf8
23.h3 fxe4 24.Rxf7 Rxf7 25.Rxf7 Kxf7 26.Kf2 d5 27.cxd5 exd5 28.h4 a5 29.Ke1 Qc7
30.Ne2 Kf8 31.Qa7 h6 32.Kd2 g5 33.hxg5 hxg5 34.Nd4 Qf7 35.Qxa5 Qf2+ 36.Ne2 Qf7
37.Qd8+ Kg7 38.Qxg5+ Kf8 39.Qe5 Bc6 40.Qd6+  1-0

[Event "Novi Sad ol (Men)"]
[Site "Novi Sad"]
[Date "1990.??.??"]
[Round "10"]
[White "Ricardi, Pablo"]
[Black "Franzoni, Giancarlo"]
[Result "1-0"]
[WhiteElo "2405"]
[BlackElo "2455"]

1.d4 Nf6 2.c4 e6 3.g3 Bb4+ 4.Bd2 Bxd2+ 5.Qxd2 O-O 6.Bg2 d6 7.Nf3 Qe7 8.O-O e5
9.Nc3 Re8 10.dxe5 dxe5 11.Rad1 Nbd7 12.h3 c6 13.Ng5 Nc5 14.b4 Ne6 15.Nge4 Nxe4
16.Nxe4 Rd8 17.Nd6 Nd4 18.c5 Be6 19.f4 f6 20.Qb2 a5 21.fxe5 fxe5 22.e3 Nb5
23.Nxb5 Rxd1 24.Rxd1 cxb5 25.Qxe5 axb4 26.Rd6  1-0

[Event "Novi Sad ol (Men)"]
[Site "Novi Sad"]
[Date "1990.??.??"]
[Round "14"]
[White "Sosonko, Gennadi"]
[Black "Bischoff, Klaus"]
[Result "1/2-1/2"]
[WhiteElo "2520"]
[BlackElo "2530"]

1.d4 e6 2.c4 Nf6 3.g3 Bb4+ 4.Bd2 Be7 5.Bg2 d5 6.Nf3 O-O 7.O-O c6 8.Bf4 Nbd7
9.Qc2 Nh5 10.Bc1 Nhf6 11.b3 b6 12.Rd1 Bb7 13.Nc3 Ne8 14.e4 Nc7 15.Bf4 Rc8
16.a3 a5 17.Qa2 Re8 18.Rac1 Bf8 19.Bg5 Be7 20.Bxe7 Qxe7 21.exd5 cxd5 22.Ne5 Nf6
23.Na4 Na8 24.c5 bxc5 25.Nxc5 Ne4 26.b4 axb4 27.axb4 Nd6 28.Bf1 Rb8 29.Qa7 Qd8
30.Ncd7 Rc8 31.Rxc8 Qxc8 32.Nc5 f6 33.Ng4 Bc6 34.Ne3 Nc7 35.Bh3 f5 36.Bf1 Qb8
37.Qa5 Ncb5 38.h4 Re7 39.Qa1 Ne4 40.Qb2 f4 41.Nxe4 dxe4 42.d5 exd5 43.Nxd5 Bxd5
44.Rxd5 Nd6 45.Qd4 Nf7 46.Bc4 Kh8 47.gxf4 h6 48.Qd2 Qb6 49.h5 Kh7 50.b5 Qf6
51.Bf1 g5 52.hxg6+ Qxg6+ 53.Kh2 Ne5 54.Rxe5 Rg7 55.Rg5 hxg5 56.fxg5 Qh5+
57.Bh3 Qxg5 58.Qxg5  1/2-1/2

[Event "Orange op"]
[Site "Orange"]
[Date "1990.??.??"]
[Round "6"]
[White "Mancini, Mario"]
[Black "Pira, Davoud"]
[Result "0-1"]
[WhiteElo "2180"]
[BlackElo "2345"]

1.d4 Nf6 2.c4 e6 3.g3 Bb4+ 4.Bd2 a5 5.Bg2 O-O 6.Nf3 d5 7.O-O c6 8.Bxb4 axb4
9.Nbd2 Qe7 10.Ne5 c5 11.dxc5 Qxc5 12.cxd5 exd5 13.Nb3 Qe7 14.Nd3 Nc6 15.Nf4 Rd8
16.e3 Bf5 17.Nd4 Be4 18.f3 Bg6 19.Re1 Ra5 20.Qb3 Rda8 21.Nxg6 hxg6 22.Kf2 Qc5
23.Red1 Qc4 24.Rac1 Nxd4 25.exd4 Qa6 26.Qxb4 Rb5 27.Qa3 Qxa3 28.bxa3 Rb2+
29.Kg1 Rxa3 30.Ra1 Kf8 31.Rdb1 Raxa2 32.Rxa2 Rxb1+ 33.Kf2 Ke7 34.Bf1 Ne8
35.Bd3 Rb4 36.Ke3 Nd6 37.Ra5 Nc4+ 38.Bxc4 dxc4 39.Ke4 b5 40.Ra7+ Kd6 41.Ra6+ Kc7
42.Ra7+ Kb6 43.Rxf7 c3 44.Kd3 Rc4 45.Kc2 b4 46.Rf8 Rxd4 47.Kb3 Rc4 48.Kc2 b3+
49.Kc1 b2+ 50.Kc2 Rb4 51.Rb8+ Kc5 52.Rc8+ Kd4 53.Kb1 Ra4  0-1

[Event "World op"]
[Site "Philadelphia"]
[Date "1990.??.??"]
[Round "4"]
[White "Griego, David W"]
[Black "Rashkovsky, Nukhim N"]
[Result "0-1"]
[WhiteElo "2335"]
[BlackElo "2540"]

1.d4 Nf6 2.c4 e6 3.g3 Bb4+ 4.Bd2 Qe7 5.Nf3 Nc6 6.Nc3 d5 7.cxd5 exd5 8.Bg2 O-O
9.O-O Rd8 10.a3 Bxc3 11.Bxc3 Bf5 12.b4 a6 13.Rc1 Na7 14.Ne5 Nb5 15.Qb3 Ne4
16.Bxe4 dxe4 17.Rfd1 c6 18.Bb2 Be6 19.Qe3 Nd6 20.f3 f6 21.Ng4 Nc4 22.Rxc4 Bxc4
23.fxe4 Re8 24.Nf2 Bd5 25.e5 fxe5 26.dxe5 Rad8 27.Nd3 Bc4 28.Rc1 Bxd3 29.exd3 Qd7
30.d4 Qe6 31.Rf1 Rf8 32.Rf4 h6 33.h4 Rxf4 34.Qxf4 Rf8 35.Qe3 Qc4 36.Qe1 Qd3
37.e6 Rf3 38.e7 Rxg3+ 39.Kh2 Rh3+ 40.Kg1 Qg6+ 41.Kf2 Qg3+  0-1

[Event "World op"]
[Site "Philadelphia"]
[Date "1990.??.??"]
[Round "9"]
[White "Gurevich, Dmitry"]
[Black "Sulman, Robert M"]
[Result "1/2-1/2"]
[WhiteElo "2470"]
[BlackElo "2295"]

1.d4 Nf6 2.c4 e6 3.g3 Bb4+ 4.Nd2 d5 5.Bg2 O-O 6.Nf3 dxc4 7.O-O c3 8.Nc4 cxb2
9.Bxb2 Nbd7 10.Qb3 Be7 11.Rfd1 c6 12.a4 a5 13.Nfe5 Bb4 14.Nd3 Be7 15.Bc3 Qc7
16.Bd2 Ra7 17.Rab1 b5 18.Nce5 Nxe5 19.Nxe5 Nd5 20.Rbc1 bxa4 21.Qxa4 Bd7 22.Bxd5 exd5
23.Nxc6 Bxc6 24.Rxc6 Qd7 25.Ra1 h6 26.Qc2 Bb4 27.Bxb4 axb4 28.Rb1 Rfa8 29.Rc5 Ra1
30.Rxa1 Rxa1+ 31.Kg2 g6 32.Qb2 Qa4 33.Rc8+ Kg7 34.Qd2 Qd1 35.Qxd1 Rxd1 36.e3 Kf6
37.g4 Rd2 38.h4 b3 39.Rb8 b2 40.Rb6+ Ke7 41.g5 h5 42.Kg3 Kd7 43.f3 Kc7 44.Rb4 Kd6
45.Rb3 Rd3 46.Rb6+ Kc7 47.Rxb2 Rxe3 48.Kf4 Re7 49.Ra2 Kb6 50.Rc2 Re1 51.Rc8 Kb7
52.Rc5 Re7 53.Rxd5 Kc6 54.Re5 Ra7 55.Kg3 Kd6 56.Re4 Ra2 57.Kf4 Ra4 58.Kg3 Ra3
59.Re8 Rd3 60.Re4 Ra3 61.Rf4 Ke7 62.Kf2 Rb3 63.Ke2 Ra3 64.d5 Ra7 65.Rd4 Kd6
66.Ke3 Re7+  1/2-1/2

[Event "Bohemians-B"]
[Site "Prague"]
[Date "1990.??.??"]
[Round "?"]
[White "Spacek, Petr"]
[Black "Boog, Alexandre"]
[Result "1/2-1/2"]
[WhiteElo "2410"]
[BlackElo "2270"]

1.d4 Nf6 2.c4 e6 3.g3 Bb4+ 4.Bd2 c5 5.Nf3 Qb6 6.Qb3 Nc6 7.dxc5 Qxc5 8.Bg2 d5
9.Bxb4 Qxb4+ 10.Qxb4 Nxb4 11.Na3 Bd7 12.Ne5 Rd8 13.O-O Nc6 14.Nxd7 Rxd7 15.cxd5 Nxd5
16.Rfd1 Ke7 17.Bxd5 Rxd5 18.Rxd5 exd5 19.Nc2 Rd8 20.Kf1 Ke6 21.Ke1 Ke5 22.Kd2 Rc8
23.Rc1 Nd8 24.Rd1 Ne6 25.Ne1 Nc5 26.Nd3+ Nxd3 27.Kxd3 Rc4 28.e3 f5 29.h4 Ra4
30.a3 Rc4 31.Rh1 Rc6 32.Rd1 Rc4  1/2-1/2

[Event "Bohemians-B"]
[Site "Prague"]
[Date "1990.??.??"]
[Round "?"]
[White "Spacek, Petr"]
[Black "Znamenacek, Kvetoslav"]
[Result "1/2-1/2"]
[WhiteElo "2410"]
[BlackElo "2340"]

1.d4 Nf6 2.c4 e6 3.g3 Bb4+ 4.Bd2 Qe7 5.Bg2 Nc6 6.Nf3 Bxd2+ 7.Nbxd2 d6 8.O-O O-O
9.e4 e5 10.d5 Nb8 11.Ne1 a5 12.Nd3 Na6 13.Qe2 Nd7 14.f4 Nac5 15.f5 c6 16.Nb3 cxd5
17.Ndxc5 Nxc5 18.Nxc5 dxc5 19.cxd5 Bd7 20.Rac1 Ra6 21.Rf2 Rc8 22.Bf1 Rb6
23.Qe3 Rb4 24.Rc4 Rxc4  1/2-1/2

[Event "CRO-Cup"]
[Site "Pula"]
[Date "1990.??.??"]
[Round "?"]
[White "Tancev, Ljubomir"]
[Black "Drasko, Milan"]
[Result "1/2-1/2"]
[WhiteElo "2310"]
[BlackElo "2445"]

1.d4 Nf6 2.c4 e6 3.g3 Bb4+ 4.Nd2 d5 5.Bg2 O-O 6.Nf3 Re8 7.O-O b6 8.Ne5 Bb7
9.Qa4 Bf8 10.Ndf3 Ne4 11.Be3 f6 12.Nd3 Nd6 13.cxd5 exd5 14.Qc2 c6 15.Rad1 Na6
16.Bc1 Rc8 17.Rfe1 Rc7 18.b4 Rce7 19.e3 Nb8 20.a4 a6 21.Nd2 Bc8 22.Ba3 b5
23.Nc5 g6 24.Bb2 Bh6 25.Ra1 bxa4 26.Rxa4 Nf5 27.Nf1 Bg7  1/2-1/2

[Event "Pula op"]
[Site "Pula"]
[Date "1990.??.??"]
[Round "1"]
[White "Covic, Darko"]
[Black "Sakhatova, Elvira"]
[Result "0-1"]
[WhiteElo "2375"]
[BlackElo "2290"]

1.d4 Nf6 2.c4 e6 3.g3 Bb4+ 4.Bd2 c5 5.Bxb4 cxb4 6.Bg2 O-O 7.Nf3 d6 8.O-O Nc6
9.a3 Qb6 10.e3 e5 11.d5 Nb8 12.Nfd2 a5 13.axb4 Qxb4 14.Nc3 Na6 15.Ra3 Nc5
16.Qa1 Bd7 17.Qa2 a4 18.Rb1 Ra6 19.e4 Ne8 20.Nf1 f5 21.Bh3 g6 22.Ne3 Qb6
23.Rf1 Qd8 24.Qb1 f4 25.Bxd7 Qxd7 26.Ng2 f3 27.Ne1 Qg4 28.Nd1 Rb6 29.Re3 Rb3
30.Rxb3 axb3 31.Nc3 Nf6  0-1

[Event "Pula op"]
[Site "Pula"]
[Date "1990.??.??"]
[Round "1"]
[White "Voscilla, Adriano"]
[Black "Babic, Drasko"]
[Result "1-0"]
[WhiteElo "2305"]
[BlackElo "2330"]

1.d4 Nf6 2.c4 e6 3.g3 Bb4+ 4.Bd2 Qe7 5.Bg2 Nc6 6.Nf3 Bxd2+ 7.Nbxd2 d6 8.O-O O-O
9.Qc2 e5 10.d5 Nb4 11.Qc3 a5 12.e4 Bd7 13.Ne1 b6 14.a3 Na6 15.b4 Nb8 16.Nd3 c6
17.c5 bxc5 18.bxc5 cxd5 19.exd5 Bb5 20.cxd6 Qxd6 21.Rfe1 Bxd3 22.Qxd3 Nbd7
23.Nc4 Qc5 24.Nxe5 Nxe5 25.Rxe5 Ng4 26.Re2 Rad8 27.Rc2 Qb6 28.h3 Ne5 29.Qc3 Rfe8
30.Re1 f6 31.Kh2 a4 32.f4 Nf7 33.Rxe8+ Rxe8 34.Qc6 Qe3 35.d6 Rd8 36.Bd5  1-0

[Event "DEN-chB"]
[Site "Randers"]
[Date "1990.??.??"]
[Round "?"]
[White "Holmsgaard, Henrik"]
[Black "Pilgaard, Kim"]
[Result "0-1"]
[WhiteElo "2280"]
[BlackElo "2260"]

1.d4 Nf6 2.c4 e6 3.g3 Bb4+ 4.Bd2 Bxd2+ 5.Qxd2 O-O 6.Bg2 d5 7.Nf3 Nbd7 8.Qc2 b6
9.Nbd2 Bb7 10.O-O c5 11.cxd5 exd5 12.Rad1 Rc8 13.Rfe1 Qc7 14.Ng5 Rfe8 15.Nf1 Nf8
16.Ne3 Ne6 17.Nf3 Red8 18.Qf5 Qc6 19.Ng4 Nxg4 20.Qxg4 a5 21.Rd2 Qa4 22.b3 Qe8
23.dxc5 bxc5 24.Nh4 Rc7 25.e3 Qb5 26.Red1 Rcd7 27.Nf5 g6 28.Bh3 h5 29.Qh4 gxf5
30.Bxf5 Ng7 31.Bxd7 Rxd7 32.Qf6 Ne6 33.f3 d4 34.exd4 cxd4 35.Re1 Qd5 36.Kg2 Qg5
37.Qxg5+ Nxg5 38.Rf2 d3 39.h4 d2 40.Rd1 Nxf3  0-1

[Event "Reykjavik op"]
[Site "Reykjavik"]
[Date "1990.??.??"]
[Round "5"]
[White "Tukmakov, Vladimir B"]
[Black "Arkell, Keith C"]
[Result "1-0"]
[WhiteElo "2570"]
[BlackElo "2460"]

1.d4 Nf6 2.c4 e6 3.g3 Bb4+ 4.Bd2 Qe7 5.Bg2 Nc6 6.Nf3 Bxd2+ 7.Nbxd2 a5 8.O-O d6
9.e4 e5 10.d5 Nb8 11.Ne1 h5 12.Nef3 Bg4 13.Qb3 b6 14.c5 dxc5 15.Nxe5 Qxe5
16.Nc4 a4 17.Qc2 Qg5 18.f4 Qh6 19.e5 Nxd5 20.Bxd5 Ra7 21.Rae1 Be6 22.Bg2 g6
23.Ne3 Nd7 24.Qe4 Qf8 25.f5 gxf5 26.Nxf5 c4 27.Nd4 Qc5 28.Kh1 a3 29.Nxe6 fxe6
30.Qg6+ Kd8 31.Rd1 Re8 32.Rxd7+  1-0